Score 0/15 Timer 02:00
2 Plays Today
Scrambled Unscrambled % Correct
ENQUEQUEEN
93.3%
DERCECREED
84.5%
LETLIMACAMETALLICA
81.6%
ISASOOASIS
79.4%
EWERZEWEEZER
72.8%
COILWWILCO
65.1%
VAINRANNIRVANA
62.1%
IPESIXPIXIES
54.7%
Scrambled Unscrambled % Correct
TAKUOSTOUTKAST
45.1%
SIGNESEGENESIS
41.6%
DARDHIOAERADIOHEAD
28.4%
FARTKREWKKRAFTWERK
23.1%
EVENTMAPPAVEMENT
18.6%
NUDEDRAGONSSOUNDGARDEN
15.1%
CEFDINKALUFUNKADELIC
5.4%
Remove Ads.
Support Sporcle.
Get the best of Sporcle when you Go Orange. This ad-free experience offers more features, more stats, and more fun while also helping to support Sporcle. Thank you for becoming a member.

You're not logged in!

Compare scores with friends on all Sporcle quizzes.
OR
Log In

Show Comments

Extras

Top Quizzes Today


Score Distribution

Your Account Isn't Verified!

In order to create a playlist on Sporcle, you need to verify the email address you used during registration. Go to your Sporcle Settings to finish the process.

Report this User

Report this user for behavior that violates our Community Guidelines.

Details: